| 000 | 00567nam a2200229Ia 4500 | ||
|---|---|---|---|
| 005 | 20251020182536.0 | ||
| 008 | 200515s9999 xx 000 0 und d | ||
| 082 | _a72/Ch56 | ||
| 100 | _aCHING, Francis D. K. | ||
| 245 | 0 | _aArquitectura: forma, espacio y orden | |
| 250 | _a10a ed. | ||
| 260 | _aBarcelona | ||
| 260 | _c1995 | ||
| 500 | _a1 ejemplar | ||
| 520 | _aVersión actualizada de la edición del mismo autor del año 1985 | ||
| 650 | _aARQUITECTURA | ||
| 650 | _aESPACIO | ||
| 650 | _aFORMA | ||
| 650 | _aLIB | ||
| 650 | _aPLANOS | ||
| 942 | _cLIB | ||
| 999 |
_c2244 _d2244 |
||